00677nam a22002051 450000500170000000800410001701000140005802000260007203500130009803700150011104000180012608200100014424501100015426000480026427000590031230000250037165000270039670000300042370000180045320090528161459.0721219s1962 nyu 000 0 eng  aENG-93792 c495.00a9788131305669 aEN-77325 bDBAD / PUB adplbEnglish  a371.4 aGuidance and counselling:ceditd by Bhaskaracharyulu Yerroju [and] Syam Atluri bin shaping the destiny / aNew DelhibAPH Publishing Corporationc2009 a4435-36/7, Ansari Road, Daryaganj,bNew Delhi e110002 avi, 186p.c23cm(Hb)  aEducational counseling aYerroju, Bhaskaracharyulu aAtluri, Syam